000 00720nam a2200289Ia 4500
005 20260324123845.0
008 008 260324s9999 xx 000 0 eng d
020 _a9781003423966
037 _aEBOOK
040 _aCRL
040 _beng
040 _cCRL
041 _2eng
041 _aeng
084 _qCRL
100 _aAndrew Chadwick
_91171920
245 0 _aChallenging Behaviours - What to Know and What to Do
245 4 _bThe Professional Development File for All Staff
260 _bTaylor and Francis
260 _c2011
365 _a
365 _b365
856 _uhttp://www.taylorfrancis.com/books/9781003423966
942 _cEBOOK
999 _c1765789
_d1765789